| 000 | 00382cam a2200145 a 4500 | ||
|---|---|---|---|
| 020 | _a9781439820094 (hardcover) | ||
| 082 | 0 | 0 |
_a660.6 _bKHA/BI |
| 100 | 1 | _aKhan, Firdos Alam. | |
| 245 | 1 | 0 | _aBiotechnology fundamentals / |
| 260 |
_aBoca Raton : _bCRC Press, _cc2012. |
||
| 300 |
_axxxi, 576 p. : _bcol. ill. ; |
||
| 650 | 0 | _aBiotechnology. | |
| 650 | 1 | 2 | _aBiotechnology. |
| 942 | _cREF | ||
| 999 |
_c13739 _d13739 |
||